Cards on the table (Record no. 76889)

MARC details
000 -LEADER
fixed length control field 00736cab a2200193 4500
001 - CONTROL NUMBER
control field ##L133251
008 - FIXED-LENGTH DATA ELEMENTS--GENERAL INFORMATION
fixed length control field 060424n2006 000 0 eng u
035 ## - SYSTEM CONTROL NUMBER
System control number (Sirsi) u133251
041 0# - LANGUAGE CODE
Language code of text/sound track or separate title eng
100 1# - MAIN ENTRY--PERSONAL NAME
Personal name Nichol, Suzannah
245 00 - TITLE STATEMENT
Title Cards on the table
260 ## - PUBLICATION, DISTRIBUTION, ETC.
Date of publication, distribution, etc. 2006
490 #0 - SERIES STATEMENT
Series statement Building
Volume/sequential designation 271(8427) 21 April 2006, 46(1)
520 ## - SUMMARY, ETC.
Summary, etc. Examines the various ways in which a Construction Skills Certification Scheme (CSCS) card can be obtained, and stresses the importance and advantages of having a fully qualified workforce by 2010.
590 ## - LOCAL NOTE (RLIN)
Local note IKA250406
650 24 - SUBJECT ADDED ENTRY--TOPICAL TERM
Topical term or geographic name entry element CONSTRUCTION SKILLS CERTIFICATION SCHEME
690 ## - LOCAL SUBJECT ADDED ENTRY--TOPICAL TERM (OCLC, RLIN)
Topical term or geographic name as entry element CAREERS, EDUCATION AND TRAINING-RICS POST-QUALIFICATION CERTIFICATION SCHEMES
942 ## - ADDED ENTRY ELEMENTS (KOHA)
Suppress in OPAC 0
Holdings
Withdrawn status Lost status Source of classification or shelving scheme Damaged status Not for loan Home library Current library Shelving location Date acquired Total Checkouts Full call number Barcode Date last seen Copy number Price effective from Koha item type
    Dewey Decimal Classification     London London Journal article 24/04/2006   L133251 133251-1001 06/08/2019 1 06/08/2019 Journal article